|
|
|
|
| LEADER |
00968nab a2200241 i 4500 |
| 001 |
misc67999 |
| 005 |
20230505153309.0 |
| 008 |
230207s1972 hu o 0|| hun d |
| 040 |
|
|
|a SZTE Miscellanea Repozitórium
|b hun
|
| 041 |
|
|
|a hun
|
| 041 |
|
|
|a eng
|
| 100 |
1 |
|
|a Rédei Károly
|
| 245 |
1 |
2 |
|a A permi nyelvek őspermi kori bolgár-török jövevényszavai
|h [elektronikus dokumentum] /
|c Rédei Károly
|
| 260 |
|
|
|a Akadémiai Kiadó
|b Budapest
|c 1972
|
| 300 |
|
|
|a 281-298
|c 24 cm
|
| 490 |
0 |
|
|a Nyelvtudományi közlemények : a Magyar Tudományos Akadémia Nyelvtudományi Intézetének folyóirata
|
| 561 |
|
|
|a Németh Gyula hagyaték
|
| 591 |
|
|
|a NOA 5053;ROA 536;XKEK 1941
|
| 650 |
|
4 |
|a Bölcsészettudományok
|
| 650 |
|
4 |
|a Nyelvek és irodalom
|
| 695 |
|
|
|a Jövevényszavak - bolgár-török, Permi nyelvek - szókincs
|
| 700 |
0 |
2 |
|a Róna-Tas András
|
| 856 |
4 |
0 |
|u http://misc.bibl.u-szeged.hu/67999/1/5053_noa.pdf
|z Dokumentum-elérés
|